[Event "ISR-ch"]
[Site "?"]
[Date "1986.??.??"]
[Round "?"]
[White "Kraidman, Yair"]
[Black "Shvidler, Eliahu"]
[Result "1-0"]
[WhiteElo "2445"]
[BlackElo "2435"]

1.d4 d5 2.c4 dxc4 3.Nf3 a6 4.a4 Nf6 5.e3 Bg4 6.Bxc4 e6 7.Nc3 Nc6 8.O-O Bd6
9.h3 Bh5 10.Be2 O-O 11.Bd2 Qe7 12.Qb3 Rfd8 13.Rfd1 Bg6 14.Nh4 Na5 15.Qa2 Bc2
16.Rdc1 Bb3 17.Qb1 Bb4 18.Nf3 Rac8 19.Be1 c5 20.dxc5 Rxc5 21.Nd4 Rcc8 22.Ne4 Nd5
23.Nd2 Bxd2 24.Bxd2 Nb4 25.Qe4 Bd5 26.Qg4 Nbc6 27.Nxc6 Nxc6 28.Bc3 e5 29.b4 Be6
30.Qg3 f6 31.Qh4 Qe8 32.b5 axb5 33.axb5 Ne7 34.Ba5 Rxc1+ 35.Rxc1 Rc8 36.Rxc8 Qxc8
37.Qb4 Kf7 38.Bf3 Bd5 39.Bh5+ g6 40.Be2 Qe6 41.Qc5 Qc8 42.Qb4 Qc1+ 43.Bf1 Nc8
44.Bd8 b6 45.Qh4 g5 46.Qxh7+ Ke8 47.Qh8+ Kd7 48.Bxf6 Nd6 49.Qd8+ Ke6 50.Qe7+  1-0

[Event "ISR-ch"]
[Site "?"]
[Date "1986.??.??"]
[Round "?"]
[White "Grinberg, Nir"]
[Black "Shvidler, Eliahu"]
[Result "1/2-1/2"]
[WhiteElo "2415"]
[BlackElo "2435"]

1.d4 d5 2.c4 dxc4 3.Nf3 a6 4.e3 Bg4 5.Bxc4 e6 6.Nc3 Nf6 7.h3 Bh5 8.O-O Nc6
9.Be2 Bd6 10.b3 O-O 11.Bb2 Qe7 12.Nd2 Bxe2 13.Qxe2 e5 14.d5 Nb4 15.e4 c6
16.Nc4 cxd5 17.exd5 Rfe8 18.Rfd1 b5 19.Nxd6 Qxd6 20.a3 Nbxd5 21.Nxd5 Nxd5
22.Qf3 Rad8 23.Rd2 e4 24.Qg4 Qf8 25.Rad1 f5 26.Qg5 h6 27.Qxg7+ Qxg7 28.Bxg7 Kxg7
29.Rxd5 Rxd5 30.Rxd5 Kf6 31.g3 Re6 32.a4 Re5 33.Rd6+ Re6  1/2-1/2

[Event "UKR-ch"]
[Site "Kiev"]
[Date "1986.??.??"]
[Round "7"]
[White "Podgaets, Mikhail"]
[Black "Gofshtein, Leonid D"]
[Result "1/2-1/2"]
[WhiteElo "2455"]
[BlackElo "2385"]

1.d4 d5 2.c4 dxc4 3.Nf3 a6 4.e3 e6 5.Bxc4 Nf6 6.O-O Nbd7 7.Bb3 b5 8.a4 Bb7
9.Qe2 Qb8 10.Rd1 Be4 11.Nbd2 Bd5 12.Bxd5 Nxd5 13.axb5 axb5 14.Rxa8 Qxa8 15.Qxb5 c6
16.Qd3 Be7 17.Ne5 Nxe5  1/2-1/2

[Event "BKL-Turnier"]
[Site "Leipzig"]
[Date "1986.??.??"]
[Round "1"]
[White "Knaak, Rainer"]
[Black "Chekhov, Valery A"]
[Result "1/2-1/2"]
[WhiteElo "2510"]
[BlackElo "2495"]

1.d4 d5 2.c4 dxc4 3.Nf3 a6 4.e4 b5 5.a4 Bb7 6.axb5 axb5 7.Rxa8 Bxa8 8.Nc3 c6
9.Bg5 h6 10.Bf4 Qb6 11.Be2 e6 12.O-O Be7 13.b3 Bh4  1/2-1/2

[Event "Marseille"]
[Site "Marseille"]
[Date "1986.??.??"]
[Round "?"]
[White "Kouatly, Bachar"]
[Black "Marjanovic, Slavoljub"]
[Result "1-0"]
[WhiteElo "2430"]
[BlackElo "2515"]

1.d4 d5 2.c4 dxc4 3.Nf3 a6 4.e3 Nf6 5.Bxc4 e6 6.a4 c5 7.O-O Nc6 8.Qe2 cxd4
9.Rd1 Be7 10.exd4 O-O 11.Nc3 Nd5 12.Ne5 Ncb4 13.Qg4 Kh8 14.Qf3 Kg8 15.a5 Ra7
16.Bd2 Bf6 17.Ne4 Nc2 18.Bxd5 Bxe5 19.dxe5 exd5 20.Nf6+ Kh8 21.Bg5 Nxa1 22.Qd3 gxf6
23.Bxf6+ Qxf6 24.exf6 Ra8 25.Rxa1 Be6 26.Ra4 Rac8 27.h3 Rg8 28.Rh4 Rg6 29.b3 d4
30.Rxd4 Rc1+ 31.Kh2 Rxf6 32.Rd8+ Kg7 33.Qg3+  1-0

[Event "Paris"]
[Site "Paris"]
[Date "1986.??.??"]
[Round "?"]
[White "Miralles, Gilles"]
[Black "Dlugy, Maxim"]
[Result "0-1"]
[WhiteElo "2410"]
[BlackElo "2500"]

1.d4 d5 2.c4 dxc4 3.Nf3 a6 4.e3 c5 5.Bxc4 e6 6.O-O Nf6 7.Qc2 b5 8.Bd3 cxd4
9.exd4 Be7 10.Rd1 Bb7 11.a4 bxa4 12.Rxa4 O-O 13.Nc3 a5 14.Bg5 Nc6 15.Ne4 Nd7
16.Rda1 Bxg5 17.Nexg5 h6 18.Nh3 Nf6 19.Qd1 Nb4 20.Be2 Be4 21.Rc1 Qb6 22.Rc5 Rfd8
23.g3 Qxc5 24.dxc5 Rxd1+ 25.Bxd1 Nd7 26.Nd2 Bc6 27.Ra1 Nxc5 28.Nf4 Rd8 29.Nc4 a4
30.Ne5 Bb5 31.Be2 Nb3 32.Rf1 Be8 33.h4 f6 34.Nc4 Nd4 35.Bg4 f5 36.Bh3 g5  0-1

[Event "POL-chT"]
[Site "Porabka"]
[Date "1986.??.??"]
[Round "?"]
[White "Dejkalo, Stefan"]
[Black "Tomaszewski, Roman"]
[Result "1/2-1/2"]
[WhiteElo "2450"]
[BlackElo "2390"]

1.d4 d5 2.c4 dxc4 3.Nf3 a6 4.e3 Nf6 5.Bxc4 e6 6.O-O c5 7.Bb3 b5 8.a4 Bb7
9.dxc5 Bxc5 10.Qxd8+ Kxd8 11.axb5 axb5 12.Rxa8 Bxa8 13.Na3 b4 14.Nc2 Nbd7
15.Bd2 Ke7 16.Ra1 Rb8 17.Nfd4 e5 18.Nf5+ Kf8 19.f3 g6 20.Ng3 h5 21.h3 Ke7
22.Kf2 h4 23.Ne2 Bc6 24.Nc1 Bd5 25.Ke2 Bc6 26.Bc4 e4 27.f4 Bd5 28.Bxd5 Nxd5
29.Nb3 Bd6 30.Be1 Rh8 31.Ra7 Rh5 32.Rb7 f5 33.Nxb4 Nxb4 34.Bxb4 Bxb4 35.Rxb4 Rh8
36.Kd2 Rd8 37.Rb7 Kd6 38.Kc2 Rc8+ 39.Kb1 Nc5 40.Nxc5 Kxc5 41.Rd7 Rc6 42.b3 Kb4
43.Kb2 Ra6 44.Rd4+ Kc5 45.Kc3 Ra1 46.b4+ Kc6 47.Rd2 Ra3+ 48.Kc4 Rxe3 49.b5+ Kc7
50.Kd4 Rg3 51.Ke5 Kb6 52.Rc2 e3 53.Kf6 e2 54.Rxe2 Kxb5 55.Rc2 Kb4 56.Kg7 Kb3
57.Re2 Kc4 58.Kh6  1/2-1/2

[Event "POL-chT"]
[Site "Porabka"]
[Date "1986.??.??"]
[Round "?"]
[White "Staniszewski, Piotr"]
[Black "Bernard, Ryszard"]
[Result "1-0"]
[WhiteElo "2405"]
[BlackElo "2365"]

1.d4 d5 2.c4 dxc4 3.Nf3 a6 4.e3 e6 5.Bxc4 Nf6 6.O-O c5 7.a4 Nc6 8.Nc3 Be7
9.Ne5 O-O 10.Nxc6 bxc6 11.dxc5 Qxd1 12.Rxd1 Bxc5 13.a5 Bb7 14.Na4 Be7 15.Bd2 c5
16.Rdc1 Rfd8 17.Be1 Nd7 18.Be2 Rac8 19.f3 Ne5 20.Rc3 Nd7 21.Rc2 h6 22.Bf2 f5
23.Bc4 Kf7 24.Bg3 Nf6 25.Nb6 Rc6 26.Bb3 Nd5 27.Ba4 Nxe3 28.Re2 Nd5 29.Bxc6 Bxc6
30.Rae1 f4 31.Rxe6 fxg3 32.Rxc6 gxh2+ 33.Kxh2 Bd6+ 34.Kg1 Ne7 35.Rxe7+ Bxe7
36.Nc4 Rd4 37.Ne5+ Ke8 38.Rxa6 Rd1+ 39.Kf2 Rd2+  1-0

[Event "Szirak"]
[Site "Szirak"]
[Date "1986.??.??"]
[Round "?"]
[White "Flear, Glenn C"]
[Black "Garcia Palermo, Carlos"]
[Result "1-0"]
[WhiteElo "2505"]
[BlackElo "2515"]

1.d4 d5 2.c4 dxc4 3.Nf3 c5 4.d5 Nf6 5.Nc3 e6 6.e4 exd5 7.e5 Nfd7 8.Bg5 Be7
9.Bxe7 Qxe7 10.Nxd5 Qd8 11.Bxc4 Nc6 12.Qa4 O-O 13.O-O-O Ncxe5 14.Nxe5 Nxe5
15.Rhe1 Bd7 16.Bb5 Nc6 17.Ne7+ Kh8 18.Qh4 h6 19.Bxc6 bxc6 20.Rd6  1-0

[Event "URS-ch U20"]
[Site "Tallinn"]
[Date "1986.??.??"]
[Round "?"]
[White "Glek, Igor V"]
[Black "Yakovich, Yuri"]
[Result "0-1"]
[WhiteElo "2430"]
[BlackElo "2480"]

1.d4 d5 2.Nf3 c5 3.c4 dxc4 4.d5 e6 5.Nc3 exd5 6.Qxd5 Qxd5 7.Nxd5 Bd6 8.Nd2 Ne7
9.Nxc4 Nxd5 10.Nxd6+ Ke7 11.Nxc8+ Rxc8 12.Bg5+ f6 13.O-O-O Rd8 14.e4 fxg5
15.exd5 Nd7 16.h4 g4 17.Bd3 Nf6 18.Bf5 Kd6 19.Rhe1 Re8 20.Be6 Re7 21.Re3 b6
22.Rd2 Rf8 23.Kd1 h5 24.f3 gxf3 25.Rxf3 Nh7 26.Rdf2 Rxf3 27.Rxf3 Nf6 28.Rf5 c4
29.Kc2 Kc5 30.g3 b5 31.a3 a5 32.a4 bxa4  0-1

[Event "Agzamov mem"]
[Site "Tashkent"]
[Date "1986.??.??"]
[Round "1"]
[White "Lerner, Konstantin Z"]
[Black "Zaichik, Gennadi"]
[Result "1-0"]
[WhiteElo "2530"]
[BlackElo "2480"]

1.d4 d5 2.c4 dxc4 3.Nf3 c5 4.e3 cxd4 5.Bxc4 d3 6.O-O Nc6 7.Bxd3 Nf6 8.Qe2 e5
9.Nc3 Bb4 10.Ne4 Bf5 11.Rd1 Qe7 12.Nxf6+ Qxf6 13.Bxf5 Qxf5 14.e4 Qe6 15.Qb5 O-O
16.Be3 Rab8 17.Bxa7 Ra8 18.Be3 Rxa2 19.Rxa2 Qxa2 20.Qxb7 Qa8 21.Qxa8 Rxa8
22.Rc1 Ra6 23.Kf1 f6 24.Ne1 Kf7 25.Nd3 Bd6 26.Ke2 g6 27.Rc4 f5 28.f3 f4 29.Bf2 Ke6
30.Nc5+ Bxc5 31.Rxc5 g5 32.Rc3 Nd4+ 33.Bxd4 exd4 34.Rc4 Ra2 35.Rb4 h5 36.Rb6+ Kf7
37.Kd3 Ra1 38.Kxd4 Rh1 39.h3 Rg1 40.Ke5 Rxg2 41.Kf5 Rg3 42.Rb7+ Ke8 43.Rb3  1-0

[Event "Altensteig"]
[Site "Altensteig"]
[Date "1987.??.??"]
[Round "?"]
[White "Farago, Ivan"]
[Black "Hertneck, Gerald"]
[Result "1/2-1/2"]
[WhiteElo "2535"]
[BlackElo "2450"]

1.d4 d5 2.c4 dxc4 3.Nf3 c5 4.d5 Nf6 5.Nc3 e6 6.e4 exd5 7.e5 Nfd7 8.Bg5 Be7
9.Bxe7 Qxe7 10.Nxd5 Qd8 11.Qc2 Na6 12.O-O-O b5 13.Qe4 Bb7 14.e6 Nb6 15.Qf5 f6
16.Nf4 Qc7 17.Qh5+ Kf8 18.Ne5 fxe5 19.Rd7 Qxd7 20.Qf5+ Ke7 21.Qf7+ Kd6 22.exd7 Nc7
23.Nh5 Bd5 24.Qxg7 Ne6 25.Qh6 Nxd7 26.Be2 Rag8 27.Rd1 Rg6 28.Qe3 Nd4 29.Bf3 Bxf3
30.Qxf3 Rf8 31.Qb7 Rxf2 32.Ng3 Ke7 33.Re1 b4 34.Rxe5+ Re6 35.Rxe6+ Kxe6 36.Qa6+ Ke5
37.Qxa7 Rf7 38.Qc7+ Kd5 39.Qb7+ Nc6 40.Qc8 Nde5 41.Nf5 c3 42.bxc3 bxc3 43.g4 Ra7
44.Qg8+ Ke4 45.Nd6+ Ke3 46.Nc4+ Kd4 47.Nxe5 Nxe5 48.Qd8+ Kc4 49.Qg8+ Kd4  1/2-1/2

[Event "Berlin op"]
[Site "Berlin-West"]
[Date "1987.??.??"]
[Round "?"]
[White "Schoen, Wolfram"]
[Black "Lederman, Leon"]
[Result "1-0"]
[WhiteElo "2445"]
[BlackElo "2375"]

1.d4 d5 2.c4 dxc4 3.Nf3 a6 4.e3 Bg4 5.Bxc4 e6 6.h3 Bh5 7.Nc3 Nf6 8.O-O c5
9.Qe2 Nbd7 10.Rd1 Qc7 11.d5 e5 12.e4 b5 13.d6 Qb6 14.Bd5 Rb8 15.g4 Bg6 16.g5 Nxd5
17.Nxd5 Qc6 18.Nc7+ Kd8 19.Nd5 Bxd6 20.Bd2 Re8 21.Nh4 Kc8 22.b4 c4 23.Nxg6 hxg6
24.Be3 Kb7 25.a4 Ra8 26.Ra2 Bc7 27.Rad2 Rad8 28.axb5 axb5 29.Nxc7 Kxc7 30.Rd5 Qb7
31.Qa2 Nb6 32.Rxd8 Rxd8 33.Rxd8 Kxd8 34.Qa5 Kc7 35.Qxb5 Nd7 36.Qxc4+ Qc6
37.Qd3 Qd6 38.Qb3 f5 39.gxf6 gxf6 40.b5 f5 41.exf5 gxf5 42.Qc2+ Kb7 43.Qxf5 Qd5
44.b6 Qc6 45.h4 Qd5 46.h5 Nc5 47.h6 Kxb6 48.Qc2  1-0

[Event "Berlin op"]
[Site "Berlin-West"]
[Date "1987.??.??"]
[Round "?"]
[White "Breutigam, Martin"]
[Black "Kallai, Gabor"]
[Result "0-1"]
[WhiteElo "2320"]
[BlackElo "2420"]

1.d4 d5 2.Nf3 c5 3.c4 dxc4 4.e3 cxd4 5.exd4 Be6 6.Nc3 Nf6 7.Ne5 Nc6 8.Nxc6 bxc6
9.Qa4 Qd7 10.Bxc4 Bxc4 11.Qxc4 e6 12.Bf4 Be7 13.O-O O-O 14.Rac1 Rac8 15.Rfd1 Qb7
16.Na4 Rfd8 17.Be5 Rd5 18.Nc3 Rdd8 19.Qe2 Nd5 20.Ne4 Qb5 21.Rd3 f6 22.a4 Qa6
23.Bg3 Nb4 24.Re3 Qxe2 25.Rxe2 Rxd4 26.Nc3 e5 27.h3 Rcd8 28.Kh2 Kf7 29.f3 a6
30.Ne4 Rd1 31.Rxd1 Rxd1 32.Bf2 Nd3 33.Ba7 Rb1 34.Rc2 f5 35.Ng3 g6 36.Rxc6 Rxb2
37.Kg1 Nf4 38.Bf2 a5 39.Rc7 Ke6 40.Nf1 Rb1 41.Bc5 Nd5  0-1

[Event "Frunze"]
[Site "Frunze"]
[Date "1987.??.??"]
[Round "?"]
[White "Jukic, Mirko"]
[Black "Karolyi, Tibor Jr"]
[Result "1/2-1/2"]
[WhiteElo "2455"]
[BlackElo "2435"]

1.d4 d5 2.c4 dxc4 3.Nf3 c5 4.d5 e6 5.Nc3 Nf6 6.e4 exd5 7.e5 Nfd7 8.Bg5 Be7
9.Bxe7 Qxe7 10.Nxd5 Qd8 11.Bxc4 Nc6 12.Qa4 Nb6 13.Nxb6 Qxb6 14.O-O O-O 15.Qc2 g6
16.Qe4 Na5 17.Bd5 Be6 18.Bxe6 Qxe6 19.Qh4 h5 20.Rad1 Nc6 21.Rd6 Qf5 22.Re1 Rad8
23.Rxd8  1/2-1/2

[Event "Gausdal zt"]
[Site "Gausdal"]
[Date "1987.??.??"]
[Round "?"]
[White "Yrjola, Jouni"]
[Black "Rantanen, Yrjo A"]
[Result "1/2-1/2"]
[WhiteElo "2415"]
[BlackElo "2385"]

1.d4 d5 2.c4 dxc4 3.Nf3 c5 4.e4 cxd4 5.Qxd4 Qxd4 6.Nxd4 a6 7.Bxc4 Nd7 8.Be3 e6
9.Nd2 b6 10.f3 Bb7 11.Kf2 Ngf6 12.Be2 Bd6 13.Rhd1 Ke7 14.Nc4 Bc5 15.a3 a5
16.Nb5 Bxe3+ 17.Kxe3 Ba6 18.Nc3 Rhc8 19.Nd6 Rc6 20.Bxa6 Rxd6 21.Rxd6 Kxd6
22.Rd1+ Ke7 23.Bb5 Rc8 24.f4 Rc5 25.h3 Nb8 26.Bd3 Nfd7 27.e5 Rc8 28.Ne4 Nc5
29.Rc1 Rc7 30.Nxc5 bxc5 31.g4 h6 32.Bb5 Nd7 33.Bxd7 Kxd7 34.Kd3 Rb7 35.Kc3 Kc6
36.Rd1 a4 37.Rd6+ Kc7 38.Ra6 Rb3+ 39.Kc2 Rxh3 40.Rxa4 Kb6 41.Ra8 Rg3  1/2-1/2

[Event "Munich zt"]
[Site "Munich"]
[Date "1987.??.??"]
[Round "?"]
[White "Greenfeld, Alon"]
[Black "Shvidler, Eliahu"]
[Result "0-1"]
[WhiteElo "2515"]
[BlackElo "2450"]

1.d4 d5 2.c4 dxc4 3.Nf3 a6 4.e3 Bg4 5.Bxc4 e6 6.h3 Bh5 7.g4 Bg6 8.Ne5 Be4
9.f3 Bd5 10.Bxd5 Qxd5 11.Nc3 Qd8 12.Qb3 b5 13.Bd2 c5 14.dxc5 Qc7 15.f4 Nf6
16.a4 Bxc5 17.axb5 O-O 18.Rh2 Qb7 19.Qa2 Rd8 20.g5 Nfd7 21.Ng4 Nb6 22.Qb1 axb5
23.Rxa8 Qxa8 24.Ne4 N8d7 25.Bc3 Nd5 26.Rg2 Nxe3 27.Nxe3 Bxe3 28.Rg4 Qd5 29.Ke2 Bb6
30.Rg3 Qf5 31.Qd3 Nc5 32.Nf6+ gxf6 33.gxf6+ Kf8 34.Qxf5 exf5 35.Rg7 Ne4 36.Bb4+ Bc5
37.Rxh7 Ke8 38.Bxc5 Nxc5 39.Rh5 Rd5 40.h4 Ne4 41.Rh6  0-1

[Event "Munich zt"]
[Site "Munich"]
[Date "1987.??.??"]
[Round "?"]
[White "Bischoff, Klaus"]
[Black "Shvidler, Eliahu"]
[Result "1-0"]
[WhiteElo "2485"]
[BlackElo "2450"]

1.d4 d5 2.Nf3 a6 3.c4 dxc4 4.e3 Bg4 5.Bxc4 e6 6.Nbd2 c5 7.h3 Bxf3 8.Nxf3 Nf6
9.O-O Nc6 10.dxc5 Bxc5 11.a3 Qe7 12.b4 Ba7 13.Bb2 O-O 14.Rc1 Rac8 15.Ba2 Rfd8
16.Qb3 Bb8 17.Bb1 Rd5 18.Qc2 Rh5 19.Rfd1 e5 20.g4 Rxh3 21.g5 Qe6 22.Qf5 Ne8
23.Qxe6 fxe6 24.Ba2 Nc7 25.Nxe5 Nd5 26.Rxd5 exd5 27.Nxc6 Kf8 28.Nxb8 Rxb8
29.Rc7 Ke8 30.Bxd5 Rh5 31.Rxg7  1-0

[Event "New York op"]
[Site "New York"]
[Date "1987.??.??"]
[Round "?"]
[White "Cvitan, Ognjen"]
[Black "Barua, Dibyendu"]
[Result "1/2-1/2"]
[WhiteElo "2500"]
[BlackElo "2450"]

1.d4 d5 2.c4 dxc4 3.Nf3 a6 4.e3 Bg4 5.Bxc4 e6 6.Nc3 Nd7 7.h3 Bh5 8.O-O Ngf6
9.Be2 c5 10.b3 cxd4 11.Nxd4 Bxe2 12.Qxe2 Qa5 13.Bb2 Ba3 14.Bxa3 Qxa3 15.Qf3 Rb8
16.Ne4 O-O 17.Nxf6+ Nxf6 18.Rfc1 Qb2 19.Rcb1 Qa3 20.Rc1 Qb2 21.Rcb1 Qd2 22.Rc1 Qb2  1/2-1/2

[Event "New York op"]
[Site "New York"]
[Date "1987.??.??"]
[Round "?"]
[White "Shamkovich, Leonid"]
[Black "Dlugy, Maxim"]
[Result "1/2-1/2"]
[WhiteElo "2405"]
[BlackElo "2520"]

1.d4 d5 2.c4 dxc4 3.Nf3 a6 4.e3 e6 5.Bxc4 c5 6.O-O Nf6 7.dxc5 Bxc5 8.Qxd8+ Kxd8
9.a3 Ke7 10.b4 Bd6 11.Bb2 b5 12.Be2 Bb7 13.Nbd2 Nbd7 14.Rfc1 Rhc8 15.Rxc8 Rxc8
16.Rc1 Rxc1+ 17.Bxc1 Ne4 18.Nxe4 Bxe4 19.Bb2 f6 20.Nd2 Bb7 21.Bd3 g6 22.f4 f5
23.Kf2 e5 24.g3 Ke6 25.Bc2 Nf6 26.h3 h6 27.Nf3 exf4 28.Nd4+ Ke7 29.gxf4 Ne4+
30.Ke1 Bd5 31.Nf3 Bc7 32.h4 Bb6 33.Bd4 Bxd4 34.Nxd4 Nf6 35.Kd2 Kd6 36.Nb3 Be4
37.Nc5 Bxc2 38.Kxc2 Nd7 39.Nxa6 Kc6 40.Kd3 Kb6 41.Nc5 Nxc5+ 42.bxc5+ Kxc5
43.e4 fxe4+ 44.Kxe4 Kd6 45.f5 g5 46.hxg5 hxg5 47.Kd4 Ke7 48.Ke3 Kf6  1/2-1/2

[Event "Ostend op"]
[Site "Ostend"]
[Date "1987.??.??"]
[Round "6"]
[White "Gheorghiu, Florin"]
[Black "Ree, Hans"]
[Result "1/2-1/2"]
[WhiteElo "2525"]
[BlackElo "2475"]

1.d4 d5 2.c4 dxc4 3.Nf3 a6 4.e3 Nf6 5.Bxc4 e6 6.O-O c5 7.dxc5 Qxd1 8.Rxd1 Bxc5
9.Nbd2 Ke7 10.Nb3 Bd6 11.Bd2 Nc6 12.Be2 e5 13.Na5 Nxa5 14.Bxa5 Bf5 15.Bc3 Nd7
16.Ng5 Bg6 17.Bd3 f5 18.Rd2 Rhd8 19.Bc2 Bc7 20.Rad1 a5 21.Nf3 e4 22.Nd4 Be5
23.f3 Bf6 24.fxe4 fxe4 25.Nb5 Bxc3 26.Nxc3 Nf6 27.h3 Rxd2 28.Rxd2 Rc8 29.Bb3 Rc5
30.a4 Be8 31.Nd5+ Nxd5 32.Bxd5 Bxa4 33.Bxb7 Bc6 34.Bxc6 Rxc6 35.Rd5 Rc1+
36.Kh2 Kf6 37.Rxa5 Re1 38.Ra3 Re2 39.Rb3 g5 40.Kg3 Kf5 41.Rb5+ Kf6 42.Rb3 Kf5
43.Kh2 h5 44.Kg1 h4 45.Kf1 Rc2 46.Rb7 Kf6 47.Rb8 Rc1+ 48.Ke2 Rc2+ 49.Kf1 Rc1+  1/2-1/2

[Event "Primorsko op"]
[Site "Primorsko"]
[Date "1987.??.??"]
[Round "9"]
[White "Kolev, Atanas"]
[Black "Popchev, Milko"]
[Result "0-1"]
[WhiteElo "2380"]
[BlackElo "2370"]

1.Nf3 d5 2.d4 a6 3.c4 dxc4 4.e3 b5 5.a4 Bb7 6.b3 e6 7.axb5 axb5 8.Rxa8 Bxa8
9.bxc4 bxc4 10.Bxc4 Nf6 11.O-O Be7 12.Bb5+ c6 13.Bd3 c5 14.dxc5 O-O 15.Ba3 Bxf3
16.gxf3 Qd5 17.Be2 Qg5+ 18.Kh1 Bxc5 19.Bb2 Be7 20.Qc2 Qh4 21.Nd2 Nbd7 22.f4 Qh3
23.Rg1 Rb8 24.Bd4 g6 25.Qc7 Bd8 26.Qd6 Rc8 27.Ba6 Ne4  0-1

[Event "BUL-ch (Women)"]
[Site "Sofia"]
[Date "1987.??.??"]
[Round "3"]
[White "Chilingirova, Pavlina"]
[Black "Genova, Ruzka"]
[Result "1/2-1/2"]
[WhiteElo "2285"]
[BlackElo "2185"]

1.Nf3 d5 2.d4 c5 3.c4 dxc4 4.Qa4+ Bd7 5.Qxc4 cxd4 6.Nxd4 Nc6 7.Nc3 e5 8.Nxc6 Bxc6
9.e4 Nf6 10.Bg5 Be7 11.Be2 Rc8 12.Bxf6 Bxf6 13.Qb3 O-O 14.O-O Be7 15.Bg4 Rb8
16.Rfd1 Qa5 17.Nd5 Bc5 18.Qf3 Bd4 19.b4 Qd8 20.Nc3 Qg5 21.Rac1 Rbd8 22.b5 Bxc3
23.bxc6 Rxd1+ 24.Rxd1 bxc6 25.Qxc3 Qxg4 26.f3 Qe6 27.Qe3 Qc4 28.Qxa7  1/2-1/2

[Event "St Ingbert op"]
[Site "St Ingbert"]
[Date "1987.??.??"]
[Round "8"]
[White "Reilein, Christian"]
[Black "Videki, Sandor"]
[Result "1/2-1/2"]
[WhiteElo "2335"]
[BlackElo "2270"]

1.d4 d5 2.Nf3 c5 3.c4 dxc4 4.Nc3 cxd4 5.Qxd4 Qxd4 6.Nxd4 Nf6 7.e4 e5 8.Ndb5 Kd8
9.Be3 Nbd7 10.O-O-O Ng4 11.Bxc4 Nxe3 12.fxe3 a6 13.Nd6 Bxd6 14.Rxd6 Ke7 15.Rhd1 Rb8
16.a4 Nf6 17.Rb6 Bg4 18.Rd2 Rhc8 19.Bd5 Rc7 20.Rc2 Nd7 21.Rb4 Be6 22.Kd1 Nf6
23.Ke2 Ne8 24.Rb6 Nf6 25.a5 Bxd5 26.exd5 Rd8 27.e4 Rd6 28.Rxd6 Kxd6 29.Kd3 Ke7
30.b4 Ne8 31.Na4 Rxc2 32.Kxc2 Nd6 33.Kd3 h5  1/2-1/2

[Event "Rilton Cup"]
[Site "Stockholm"]
[Date "1987.??.??"]
[Round "?"]
[White "Sjoberg, Mats"]
[Black "Hartman, Christer"]
[Result "1/2-1/2"]
[WhiteElo "2370"]
[BlackElo "2295"]

1.d4 d5 2.c4 dxc4 3.Nf3 a6 4.a4 Nf6 5.Nc3 Bg4 6.Ne5 Bh5 7.g3 e6 8.Bg2 Nd5
9.O-O Be7 10.Nxc4 O-O 11.a5 Nc6 12.Nxd5 exd5 13.Ne3 Bf6 14.Ra4 Re8 15.Re1 Bg6
16.Nxd5 Bxd4 17.Rxd4 Nxd4 18.Qxd4 c6 19.Bd2 cxd5 20.Bc3 f6 21.Bxd5+ Bf7 22.Bxb7 Qxd4
23.Bxd4 Rad8 24.Bb6 Rd2 25.Bxa6 Rxb2 26.Bb7 Rb8 27.Bf3 Bc4 28.e3 Kf7 29.Rc1 Ba6
30.Rc7+ Kg6 31.Be4+ Kh6 32.Ra7 Bc8 33.Bc7 Bb7 34.Rxb7 R8xb7 35.Bxb7 Rxb7
36.Bb6 Kg6 37.Kg2 Kf5 38.Kf3 Rb8 39.g4+ Ke6 40.Ke4 g6 41.Kd4 Kd6 42.h4 f5
43.gxf5 gxf5 44.Bc5+ Kc6 45.Bb6 Re8 46.f3 Re6 47.Kc4 Rg6 48.Kd4 Re6 49.Bc5 Rh6
50.Be7 Re6 51.Bg5 Rd6+ 52.Ke5 Rd5+ 53.Ke6 Rxa5 54.e4 fxe4 55.fxe4 Ra6 56.Be7 Kc7+
57.Kf7 Kd7 58.e5 Re6 59.Bf6 Re8 60.h5 Re6  1/2-1/2

[Event "Rilton Cup"]
[Site "Stockholm"]
[Date "1987.??.??"]
[Round "?"]
[White "Eslon, Jaan"]
[Black "Hartman, Christer"]
[Result "1/2-1/2"]
[WhiteElo "2430"]
[BlackElo "2295"]

1.d4 d5 2.c4 dxc4 3.Nf3 a6 4.e3 Bg4 5.Bxc4 e6 6.Nc3 Nc6 7.a3 Nf6 8.h3 Bh5
9.g4 Bg6 10.Nh4 Be4 11.f3 Bd5 12.Nxd5 exd5 13.Bd3 g6 14.Ng2 h5 15.g5 Ng8
16.h4 Bd6 17.O-O Qd7 18.f4 Nce7 19.Qc2 Nf5 20.Bxf5 Qxf5 21.Qxf5 gxf5 22.Ne1 Ne7
23.Kg2 b6 24.Bd2 Kd7 25.Nd3 c5 26.dxc5 bxc5 27.b4 c4 28.Nc1 d4 29.exd4 Ng6
30.Ne2 Nxh4+ 31.Kg3 Ng6 32.Rac1 Rac8 33.Nc3 Ne7 34.Na4 Nd5 35.Nc5+ Bxc5 36.dxc5 h4+
37.Kh3 Rce8 38.Rxc4 Re2 39.Rd4 Kc6 40.Re1 Rxe1 41.Bxe1 Re8 42.Bd2 Re4 43.Rxe4 fxe4
44.f5 e3 45.Bxe3 Nxe3 46.g6 fxg6 47.fxg6 Nf5 48.a4 Kd5 49.b5 axb5 50.axb5 Kxc5
51.g7  1/2-1/2

[Event "Tbilisi"]
[Site "Tbilisi"]
[Date "1987.??.??"]
[Round "?"]
[White "Kallai, Gabor"]
[Black "Lanc, Alois"]
[Result "1/2-1/2"]
[WhiteElo "2420"]
[BlackElo "2495"]

1.d4 d5 2.c4 dxc4 3.Nf3 a6 4.e3 Nf6 5.Bxc4 e6 6.O-O c5 7.Qe2 b5 8.Bb3 Bb7
9.a4 b4 10.Rd1 Be7 11.Nbd2 Nbd7 12.Nc4 Qc7 13.Bd2 O-O 14.Rac1 a5 15.Nfe5 Nb6
16.Nd3 Nxc4 17.Bxc4 Qc6 18.Nf4 Rac8 19.Bb5  1/2-1/2

[Event "Tbilisi"]
[Site "Tbilisi"]
[Date "1987.??.??"]
[Round "?"]
[White "Drasko, Milan"]
[Black "Kallai, Gabor"]
[Result "1/2-1/2"]
[WhiteElo "2465"]
[BlackElo "2420"]

1.Nf3 d5 2.d4 c5 3.c4 dxc4 4.e4 cxd4 5.Qxd4 Qxd4 6.Nxd4 Bd7 7.Bxc4 Nc6 8.Be3 Nf6
9.f3 Ne5 10.Be2 Rc8 11.Nd2 e6 12.N4b3 a6 13.Kf2 Be7 14.Rac1 O-O 15.Nc5 Bc6
16.Ndb3 Ned7 17.Nxd7 Bxd7 18.Bc5 Bxc5+ 19.Nxc5 Rc7 20.Rc3 Rfc8 21.Rhc1 Rd8
22.b4 Ne8 23.a4 f6 24.b5 axb5 25.axb5 Bc8 26.Na4 Rxc3 27.Rxc3 Bd7 28.Nc5 b6
29.Nxd7 Rxd7 30.Rc8 Kf8 31.Rb8 Ke7 32.Rxb6 Nd6 33.Rc6 Rb7 34.Rc5 Ra7 35.e5 fxe5
36.Rxe5 Ra2 37.g4 h6 38.h4 Rb2 39.Rc5 Kd7 40.Ke3 Nb7 41.Rc6 Nd6 42.Ra6 Ke7
43.Bd3 Rb3 44.Ra7+ Kf6 45.Rc7 g5 46.hxg5+ hxg5 47.Rc5 e5 48.Kd2 Ke6 49.Kc2 Rb4
50.Be2 e4 51.Kc3 Rb1 52.Rxg5 exf3 53.Bxf3 Rxb5  1/2-1/2

[Event "Warsaw zt-B"]
[Site "Warsaw"]
[Date "1987.??.??"]
[Round "?"]
[White "Staniszewski, Piotr"]
[Black "Negulescu, Adrian"]
[Result "0-1"]
[WhiteElo "2420"]
[BlackElo "2395"]

1.d4 d5 2.c4 dxc4 3.Nf3 c5 4.e3 Nf6 5.Bxc4 cxd4 6.exd4 e6 7.O-O Nc6 8.Nc3 Be7
9.Qe2 Nxd4 10.Nxd4 Qxd4 11.Rd1 Qh4 12.Bb5+ Kf8 13.Qf3 Qg4 14.Be2 Qxf3 15.Bxf3 Ne8
16.Be3 e5 17.Nb5 f5 18.Nxa7 e4 19.Nxc8 Rxc8 20.Be2 Rc2 21.Rd2 Rxd2 22.Bxd2 Nd6
23.Rc1 Kf7 24.Rc7 Ke6 25.a4 Rc8 26.Rxc8 Nxc8 27.Bc4+ Kd7 28.b4 Nd6 29.Bd5 g5
30.f3 exf3 31.gxf3 Bf6 32.Kf2 h5 33.Ke2 g4 34.Kd3 Be5 35.f4 Bf6 36.Bc3 Bxc3
37.Kxc3 h4 38.Kd4 Ne4 39.Ke3 h3 40.Bxe4 fxe4 41.Kf2 e3+  0-1

[Event "Warsaw zt-B"]
[Site "Warsaw"]
[Date "1987.??.??"]
[Round "?"]
[White "Pinter, Jozsef"]
[Black "Negulescu, Adrian"]
[Result "1-0"]
[WhiteElo "2570"]
[BlackElo "2395"]

1.d4 d5 2.c4 dxc4 3.Nf3 c5 4.e3 Nf6 5.Bxc4 e6 6.O-O cxd4 7.exd4 Be7 8.Nc3 O-O
9.Re1 a6 10.a4 Nc6 11.Bg5 Nb4 12.Ne5 Nfd5 13.Bd2 Nb6 14.Bb3 Qxd4 15.a5 Nd7
16.Re4 Qc5 17.Nxd7 Bxd7 18.Rxb4 Qxb4 19.Nd5 Qh4 20.g3 Qd4 21.Nxe7+ Kh8 22.Bc3 Qxd1+
23.Rxd1 Bb5 24.Rd4 Rfe8 25.Bb4 Rad8 26.Rf4 f6 27.Bxe6 Rxe7 28.Bxe7 Rd1+ 29.Kg2 Bc6+
30.Kh3 Re1 31.Rxf6 h6 32.Rf8+ Kh7 33.Bf5+ g6 34.Bb4 Re5 35.Bc3  1-0

[Event "EU-ch U20"]
[Site "Arnhem"]
[Date "1988.??.??"]
[Round "11"]
[White "Gelfand, Boris"]
[Black "Lev, Ronen"]
[Result "1/2-1/2"]
[WhiteElo "2585"]
[BlackElo "2415"]

1.d4 d5 2.c4 dxc4 3.Nf3 c5 4.Nc3 cxd4 5.Qxd4 Qxd4 6.Nxd4 Bd7 7.Ndb5 Na6 8.e4 e6
9.Bxc4 Rc8 10.Be2 Nb4 11.O-O Nc2 12.Bf4 Nxa1 13.Rxa1 a6 14.Nd6+ Bxd6 15.Bxd6 Bc6
16.a4 Rd8 17.Bc5 Nf6 18.f3 Rd2 19.Ra2 a5 20.Kf2 Nd7 21.Ba3 e5 22.Ke3 Rd4
23.b3 f6 24.Rc2 Kf7 25.Nb5 Bxb5 26.Bxb5 Rb8 27.Bc4+ Ke8 28.Bd5 Nb6 29.Be6 Nd7
30.Bd5 Nb6 31.Be6 Nd7 32.g4 Kd8 33.h4 Rc8 34.Rxc8+ Kxc8 35.Bf8 g6 36.Be7 Kc7
37.h5 gxh5 38.gxh5 Rd1 39.Kf2 Rh1 40.Bf7 h6 41.Kg2 Rc1 42.Bc4 Rc3 43.Bd5 Rc1
44.Bc4 Rb1 45.Bd5 Rd1 46.Bc4 Rb1  1/2-1/2

[Event "Balatonbereny op"]
[Site "Balatonbereny"]
[Date "1988.??.??"]
[Round "9"]
[White "Pacsay, Laszlo"]
[Black "Nemeth, Zoltan"]
[Result "0-1"]
[WhiteElo "2265"]
[BlackElo "2350"]

1.d4 d5 2.c4 dxc4 3.Nf3 c5 4.e4 cxd4 5.Qxd4 Qxd4 6.Nxd4 Nf6 7.Nc3 e5 8.Ndb5 Kd8
9.Be3 Be6 10.O-O-O+ Nbd7 11.Bxa7 Bb4 12.f3 Bxc3 13.bxc3 Ke7 14.Kb2 b6 15.a4 Rhc8
16.Be2 Ne8 17.Kc2 Nc7 18.Rxd7+ Bxd7 19.Nxc7 Rxc7 20.Bxb6 Bxa4+ 21.Kd2 Rc6
22.Be3 Bb3 23.Rc1 Ra2+ 24.Ke1 Rca6 25.Bc5+ Ke6 26.g3 Rb2 27.h4 Raa2 28.Bf1 Rh2
29.Rd1 Bxd1 30.Bxc4+ Kf6 31.Bxa2 Bxf3 32.Bd5 Rc2 33.Bb4 h5 34.c4 Bxe4  0-1